| Поле | Инд. | ПП | Название | Значение |
|---|---|---|---|---|
| Тип записи | a | |||
| Библиографический уровень | a | |||
| 001 | Контрольный номер | e445894fe87c44d8a66dadbd5de9c5fb | ||
| 005 | Дата корректировки | 20181124200638.9 | ||
| 100 | a | Данные общей обработки | 20180910 ||| 0rusy0189 ca | |
| 101 | 0_ | a | Язык текста | rus |
| 102 | a | Страна публикации | RU | |
| 200 | 1_ | f | Первые сведения об ответственности | Д.А. Ширев, К.А. Тасенкова |
| a | Заглавие | К вопросу о правовом регулировании института медиации в Российской Федерации и Сингапуре. Сравнительно-правовой анализ | ||
| b | Общее обозначение материала | Текст | ||
| 210 | d | Дата издания | 2018 | |
| 461 | _0 | 1 | 2000 | |
| a | Закон и право | |||
| 463 | _0 | 1 | 2000 | |
| a | №7 | |||
| v | С. 157-161 | |||
| 1 | 2101 | |||
| d | 2018 | |||
| 1 | 001b8a5a39af1b24267bb2eb63b09745d65 | |||
| 606 | a | Основная рубрика | Гражданское процессуальное право | |
| 610 | 0_ | a | Ключевые слова | МЕДИАЦИЯ |
| a | Ключевые слова | АЛЬТЕРНАТИВНОЕ РАЗРЕШЕНИЕ СПОРОВ | ||
| a | Ключевые слова | СРАВНИТЕЛЬНОЕ ПРАВОВЕДЕНИЕ | ||
| 700 | _1 | a | Фамилия | Ширев |
| b | Имя | Д.А. | ||
| 701 | _1 | a | Фамилия | Тасенкова |
| b | Имя | К.А. | ||
| 801 | _0 | a | Страна | RU |
| b | Организация | РГУП | ||
| c | Дата составления | 20180910 | ||
| g | Правила каталогизации | PSBO | ||
| 801 | _1 | a | Страна | RU |
| b | Организация | РГУП | ||
| c | Дата составления | 20180910 | ||
| g | Правила каталогизации | PSBO | ||
| 901 | t | Тип документа | b | |
| w | Контрольный № источника | b8a5a39af1b24267bb2eb63b09745d65 | ||
| 905 | a | Дата ввода | 20180910 |